FUNDAMENTALS OF ANIMAL BEHAVIOUR (Record no. 1374)
[ view plain ]
| 000 -LEADER | |
|---|---|
| fixed length control field | 00717nam a22001577a 4500 |
| 020 ## - INTERNATIONAL STANDARD BOOK NUMBER | |
| ISBN | 81-7141-742-6 |
| 082 ## - DEWEY DECIMAL CLASSIFICATION NUMBER | |
| Classification number | 590 |
| Item number | SAR/F |
| 100 ## - MAIN ENTRY--AUTHOR NAME | |
| Personal name | SARKAR AMITA |
| 245 ## - TITLE STATEMENT | |
| Title | FUNDAMENTALS OF ANIMAL BEHAVIOUR |
| 250 ## - EDITION STATEMENT | |
| Edition statement | REPRINT |
| 260 ## - PUBLICATION, DISTRIBUTION, ETC. (IMPRINT) | |
| Place of publication | DELHI |
| Name of publisher | DISCOVERY PUBLISHING HOUSE |
| Year of publication | 2004 |
| 300 ## - PHYSICAL DESCRIPTION | |
| Number of Pages | 309 |
| 520 ## - SUMMARY, ETC. | |
| Summary, etc | IT INTRODUCES THE BASIC IDEAS AND CONCEPTS OF MODERN ETHOLOGY SET IN HISTORICAL CONTEXT, THEREBY SHOWING HOW VIEWS HAVE CHANGED SINCE THE SIMPLE THEORIES PUT FORWARD TO STIMULATE AN UNDERSTANDING OF BEHAVIOUR OF WIDE VARIETY OF ANIMALS INCLUDING MAN. DESCRIPTIVE AND EXPERIMENTAL APPROACH INTO A CONCEPTUAL FRAMEWORK FOR ANALYSIS OF BEHAVIORAL STUDIES. |
| 650 ## - SUBJECT ADDED ENTRY--TOPICAL TERM | |
| Topical Term | BIOLOGY REFERENCE |
| Geographic subdivision | INDIA |
| 942 ## - ADDED ENTRY ELEMENTS (KOHA) | |
| Koha item type | Books |
| Withdrawn status | Lost status | Collection code | Home library | Current library | Shelving location | Date acquired | Source of acquisition | Cost, normal purchase price | Full call number | Accession Number | Koha item type |
|---|---|---|---|---|---|---|---|---|---|---|---|
| Reference | Main Library | Main Library | SHELF-5 D REFERENCEBIOLOGY | 18/04/2006 | purchase | 175.00 | 590 SAR/F | 02316 | Books |